Normal view
MARC view
Entry Nombre corporativo
001 - NÚMERO DE CONTROL
- campo de control: 15151
003 - IDENTIFICADOR DE NÚMERO DE CONTROL
- campo de control: OSt
005 - FECHA Y HORA DE LA ÚLTIMA TRANSACCIÓN
- campo de control: 20221005155701.0
008 - ELEMENTOS DE DATO DE LONGITUD-FIJA
- campo de control de longitud fija: 221005|| aca||aabn | a|a d
040 ## - FUENTE DE CATALOGACIÓN
- Centro catalogador/agencia de origen: OSt
- Centro/agencia transcriptor: OSt
110 ## - ENCABEZAMIENTO-NOMBRE DE ENTIDAD CORPORATIVA
- Nombre de entidad corporativa o nombre de jurisdicción como elemento de entrada: <EL> SISTEMA DE SERVICIOS SOCIALES ESPAÑOL Y LAS NECESIDADES DERIVADAS DE LA ATENCION A LA DEPENDENCIA
- Fecha del congreso o de la firma del tratado: 2006
670 ## - FUENTE DE DATOS ENCONTRADOS
- Cita de la fuente: Work cat.: (OSt)15163: <EL> SISTEMA DE SERVICIOS SOCIALES ESPAÑOL Y LAS NECESIDADES DERIVADAS DE LA ATENCION A LA DEPENDENCIA 2006, <El> sistema de servicios sociales español y las necesidades derivadas de la atención a la dependencia :, D.L. 2006